| 000 | 01267nam a22002657a 4500 | ||
|---|---|---|---|
| 005 | 20250404170650.0 | ||
| 008 | 250404b |||||||| |||| 00| 0 eng d | ||
| 020 | _a978-93-263-5025-9 (hbk) | ||
| 037 | _cTB | ||
| 040 |
_aCRL _cCRL |
||
| 041 |
_2hin _ahin _hori |
||
| 084 |
_aO1591,3N34,TK 152Q2 _qCRL |
||
| 100 | _aदास, मनोज | ||
| 245 | _aतंद्रालोक के प्रहरी | ||
| 260 |
_aनई दिल्ली, भारत: _bभारतीय ज्ञानपीठ, _c2012. |
||
| 300 | _a158पृ0 | ||
| 365 |
_b160.00 _cINR |
||
| 490 |
_aलोकोदय ग्रंथमाला, (संपादक) रवींद्र कालिया _vग्रंथाक - 1131 |
||
| 546 | _aTranslated from Oriya to Hindi | ||
| 650 | _aउडिया उपन्यास | ||
| 650 | _aउडिया साहित्य | ||
| 700 |
_aशिवेन, सुजाता (संपादक) _9157686 |
||
| 942 |
_2CC _cTB _hO1591,3N34,TK 152Q2 _n0 |
||
| 999 |
_c1308477 _d1308477 |
||